Estadísticas para Ciudades que han sido sede de Eurovisión

Haz click aquí para intentar la prueba.

Estadísticas generales

  • Esta prueba ha sido intentada 128 veces
  • La puntuación promedio es 46 de 68

Estadísticas de respuestas

AÑOCIUDAD% Correcto
1969Madrid
99%
1978París
95%
1991Roma
93%
2018Lisboa
92%
1977Londres
92%
1960Londres
92%
1963Londres
92%
1968Londres
92%
2010Oslo
92%
1996Oslo
92%
2006Atenas
91%
2016Estocolmo
91%
2000Estocolmo
91%
1975Estocolmo
91%
2005Kiev
91%
2017Kiev
91%
1994Dublín
90%
1995Dublín
90%
1988Dublín
90%
1997Dublín
90%
1981Dublín
90%
1971Dublín
90%
2009Moscú
88%
2023Liverpool
86%
1967Viena
86%
2015Viena
86%
2007Helsinki
85%
2024Malmö
81%
1992Malmö
81%
2013Malmö
81%
2022Turín
81%
1970Ámsterdam
78%
2001Copenhague
77%
2014Copenhague
77%
1964Copenhague
77%
2019Tel Aviv
76%
2008Belgrado
74%
2002Tallin
74%
2021Rotterdam
73%
1987Bruselas
71%
2003Riga
71%
2004Estambul
65%
1962Luxemburgo
63%
1966Luxemburgo
63%
1984Luxemburgo
63%
1973Luxemburgo
63%
2012Bakú
62%
1983Múnich
57%
2011Dusseldorf
55%
1999Jerusalén
53%
1979Jerusalén
53%
1990Zagreb
51%
1965Nápoles
48%
1976La Haya
47%
1980La Haya
47%
1972Edimburgo
36%
1985Gotemburgo
36%
1998Birmingham
35%
1957Frankfurt
33%
1956Lugano
26%
1989Lausana
23%
1961Cannes
22%
1959Cannes
22%
1986Bergen
21%
1993Millstreet
21%
1974Brighton
12%
1958Hilversum
10%
1982Harrogate
8%

Distribución de puntuación

Porcentaje por número respondido

Porcentaje de gente con cada puntuación

Historial de tus puntuaciones

No has intentado esta prueba.